Can You Name These Wartime U.S. Vice Presidents? - Statistics

General Stats
  • This quiz has been taken 72 times
    53 since last reset
  • The average score is 17 of 23
Answer Stats
War Year(s)** Vice President % Correct
The Syrian Civil War 2014-Present Joe Biden
100%
The Invasion of Grenada 1983 George H.W. Bush
93%
The Syrian Civil War 2014-Present Kamala Harris
93%
The Civil War 1861-1865 Andrew Johnson
90%
World War II 1941-1945 Harry S. Truman
90%
The Syrian Civil War 2014-Present Mike Pence
90%
The Bosnian War 1992-1995 Al Gore
88%
The Vietnam War 1965-1973 Spiro Agnew
85%
The Boxer Rebellion 1899-1901 Theodore Roosevelt
85%
The Whiskey Rebellion 1791-1794 John Adams
83%
The Bosnian War 1992-1995 Dan Quayle
80%
The Gulf War 1990-1991 Dan Quayle
80%
The Korean War 1950-1953 Richard Nixon
80%
The Vietnam War 1965-1973 Hubert Humphrey
75%
The Civil War 1861-1865 Hannibal Hamlin
63%
The Texan Revolution 1835-1836 Martin Van Buren
58%
World War II 1941-1945 Henry A. Wallace
55%
World War I 1917-1918 Thomas R. Marshall
55%
The Korean War 1950-1953 Alben W. Barkley
50%
The War of 1812 1812-1815 Elbridge Gerry
50%
The Boxer Rebellion 1899-1901 Garret Hobart
43%
The Spanish American War 1898 Garret Hobart
43%
The Mexican-American War 1846-1848 George M. Dallas
40%
No matching quizzes found
Score Distribution
Percent of People with Each Score
Percentile by Number Answered
Your Score History
You have not taken this quiz since the last reset